| Tag |
First Indicator |
Second Indicator |
Subfields |
| LEADER |
00000cam a2200000 4500 |
| 001 |
in00000047798 |
| 005 |
20151007075533.0 |
| 008 |
800613nuuuuuuuunyuaf b 00010 eng d |
| 035 |
|
|
|a (OCoLC)06419087
|
| 035 |
|
|
|9 AAF3382AM
|
| 040 |
|
|
|a TXA
|c TXA
|d UtOrBLW
|
| 049 |
|
|
|a TXAM
|c [108902]
|
| 090 |
|
|
|a SF427
|b .T74 1940
|
| 092 |
|
|
|a 636.709
|b T817s
|
| 100 |
1 |
|
|a Trew, Cecil G.
|q (Cecil Gwendolen),
|d 1897-
|
| 245 |
1 |
4 |
|a The story of the dog and his uses to mankind /
|c by Cecil G. Trew; with a preface by R. I. Pocock, F.R.S.; illustrated by the author with 16 plates and numerous illustrations in the text.
|
| 264 |
|
1 |
|a New York :
|b Dutton,
|c [1940]
|
| 300 |
|
|
|a xiii, 193 pages, 1 unnumbered page :
|b frontispiece, illustrations, plates. ;
|c 20 cm.
|
| 336 |
|
|
|a text
|b txt
|2 rdacontent
|
| 337 |
|
|
|a unmediated
|b n
|2 rdamedia
|
| 338 |
|
|
|a volume
|b nc
|2 rdacarrier
|
| 500 |
|
|
|a "First published in 1940."
|
| 504 |
|
|
|a Bibliography: pages 191-193.
|
| 650 |
|
0 |
|a Dogs.
|
| 999 |
|
|
|a MARS
|
| 999 |
f |
f |
|s c2cf6d6f-bfb5-3107-8820-858085c89cba
|i 23cc093e-7552-3fc0-a9d8-a1d610085837
|t 0
|
| 952 |
f |
f |
|p ric
|a Texas A&M University
|b Rellis Campus
|c Joint Library Facility
|d Remote Storage
|t 0
|e SF427 .T74 1940
|h Library of Congress classification
|i unmediated -- volume
|m A14801093786
|
| 998 |
f |
f |
|a SF427 .T74 1940
|t 0
|l Remote Storage
|